Osožný humor života jazyková metóda Szabóva : humoristický časopis

Filologický časopis slovensko-nemecko-maďarský, ktorý sa snaží naučiť tú-ktorú reč pomocou humoru

Bibliographic Details
Format: Journal
Language:Slovak
Hungarian
German
PhysicalDescription:1 zv. 30 cm
Published: Košice Alica Szászrivá [1931-1933]
Subjects:

MARC

LEADER 00000cas a2200000 a 4500
001 vtls010298335
003 SK-MaSNL
005 20260228162932.0
008 110809d19311933xo mr p r 0 b0slo
015 |a SNBDS17XX9999 
040 |a SNK  |b slo  |c SNK  |e AACR2 
041 0 |a slo  |a hun  |a ger 
044 |a xo  |c SK 
072 7 |a 82-1/-8  |x Literatúra rôznych foriem a žánrov (o nej)  |2 konspekt 
072 7 |a 80  |x Filológia  |2 konspekt 
080 |a 79(051)  |2 2011 
080 |a 82-7  |2 2011 
080 |a 050  |2 2011 
080 |a 80  |2 2011 
245 0 0 |a Osožný humor života  |b jazyková metóda Szabóva : humoristický časopis 
260 |a Košice  |b Alica Szászrivá  |c [1931-1933] 
300 |a 1 zv.  |c 30 cm 
310 |a 1x mesačne 
362 0 |a Roč. I, č. 1 (1931)-roč. I, č. 8 (15.5.1933) 
500 |a Vych. v Košiciach 15. každého mesiaca mimo júla a augusta 
500 |a Zodp. red.: Alica Szászrivá 
500 |a Tlač. Kníhtlačiareň Grafika; od 8/I (1933) Rozmnožovacím strojom zn. Gestetner 
500 |a Začal vychádzať v roku 1931, zanikol 15. mája 1933. Vychádzanie časopisu vzalo na vedomie Polic. riad. v Košiciach výmerom zo dňa 10. nov. 1931 čís. 17630/31 prez. a zamknutie výmerom zo dňa 17. júna 1933 čís. 8741/33 
500 |a Podnázov v maď. a nem.: Humoros nyelvi folyóirat a szlovák nyelv elsajátitására és gyakorlására ; Lustige Sprachzeitschrift zur Erlernung und Übung der slow. Sprache 
520 |a Filologický časopis slovensko-nemecko-maďarský, ktorý sa snaží naučiť tú-ktorú reč pomocou humoru 
546 |a Text v maď. a nem. 
650 0 7 |a humor  |2 SNKPH  |9 1763 
650 0 7 |a satira  |2 SNKPH  |9 1764 
650 0 7 |a filológia  |2 SNKPH  |9 861 
655 7 |a zábavné časopisy  |2 SNKPH  |9 145589 
700 1 |a Szászrivá, Alica  |4 lso  |9 272548 
910 |a snk 
999 |c 8596  |d 10526 
952 |0 0  |1 0  |4 0  |7 0  |8 5  |a SNK  |b SNK  |d 2018-09-27  |i snk2018/19618  |l 0  |o snkČSB 1341/1/[1931-1933] D1  |p 17A1325743  |r 2026-02-21 19:43:50  |t č. 1-8, neúplné  |w 2026-02-21  |y PREZ  |z Chýba č. 1-4, 8 
952 |0 0  |1 0  |4 0  |7 0  |8 3  |a SNK  |b SNK  |d 2003-03-31  |i snkČSK 518/57  |l 0  |o snkČSB 1341/1931-33  |p 17A0379238  |r 2005-01-02 00:00:00  |t č. 1-8, neúplné  |w 2026-02-21  |y PREZ  |z Chýba č. 2